书目信息 |
| 题名: |
地方治理新视野
|
|
| 作者: | 徐勇 , 孙厚权 主编 | |
| 分册: | ||
| 出版信息: | 北京 人民日报出版社 2017 |
|
| 页数: | 228页 | |
| 开本: | 24cm | |
| 丛书名: | 人民日报学术文库 | |
| 单 册: | ||
| 中图分类: | D625 | |
| 科图分类: | ||
| 主题词: | 地方政府--行政管理--研究--中国 | |
| 电子资源: | ||
| ISBN: | 978-7-5115-4512-1 | |
| 000 | 01003oam2 2200265 450 | |
| 001 | 012001005044 | |
| 005 | 20141007101924.0 | |
| 010 | @a978-7-5115-4512-1@b精装@dCNY68.00 | |
| 100 | @a20170802d2017 em y0chiy50 ea | |
| 101 | 0 | @achi |
| 102 | @aCN@b110000 | |
| 105 | @ay z 000yy | |
| 106 | @ar | |
| 200 | 1 | @a地方治理新视野@9di fang zhi li xin shi ye@f徐勇,孙厚权主编 |
| 210 | @a北京@c人民日报出版社@d2017 | |
| 215 | @a228页@d24cm | |
| 225 | 1 | @a人民日报学术文库 |
| 330 | @a本书分三个板块收录了2015年“地方治理创新”学术研讨会的部分研究成果。分别为地方治理创新版块、城乡社区治理版块以及国家社会治理研究版块。探讨了湖北各地方政府在公共治理创新方面的成就、城市农村社区及洪湖分蓄洪区的治理、国外国家治理的经验借鉴等方面的问题。 | |
| 461 | 0 | @12001 @a人民日报学术文库 |
| 606 | 0 | @a地方政府@x行政管理@x研究@y中国 |
| 690 | @aD625@v5 | |
| 701 | 0 | @a徐勇@9xu yong@f(1955~)@4主编 |
| 701 | 0 | @a孙厚权@9sun hou quan@4主编 |
| 801 | 0 | @aCN@b上海新华@c20180901 |
| 905 | @b1172344-8@dD625@e105@f5 | |
| 地方治理新视野/徐勇,孙厚权主编.-北京:人民日报出版社,2017 |
| 228页;24cm.-(人民日报学术文库) |
| ISBN 978-7-5115-4512-1(精装):CNY68.00 |
| 本书分三个板块收录了2015年“地方治理创新”学术研讨会的部分研究成果。分别为地方治理创新版块、城乡社区治理版块以及国家社会治理研究版块。探讨了湖北各地方政府在公共治理创新方面的成就、城市农村社区及洪湖分蓄洪区的治理、国外国家治理的经验借鉴等方面的问题。 |
| ● |
| 相关链接 |
|
|
|
|
正题名:地方治理新视野
索取号:D625/105
 
预约/预借
| 序号 | 登录号 | 条形码 | 馆藏地/架位号 | 状态 | 备注 |
| 1 | 1172344 | 211723447 | 第一借阅区/ [索取号:D625/105] | 在馆 | |
| 2 | 1172345 | 211723456 | 第一借阅区/ [索取号:D625/105] | 在馆 | |
| 3 | 1172346 | 211723465 | 第一借阅区/ [索取号:D625/105] | 在馆 | |
| 4 | 1172347 | 211723474 | 第一样本阅览室/ [索取号:D625/105] | 在馆 | |
| 5 | 1172348 | 211723483 | 密集书库-史法系/ [索取号:D625/105] | 在馆 |